| 000 | 00599nam a2200193Ia 4500 | ||
|---|---|---|---|
| 005 | 20250923145134.0 | ||
| 008 | 008 250917s9999 xx 000 0 eng d | ||
| 037 | _aReports | ||
| 040 |
_aDSWL _beng _cDSWL |
||
| 041 |
_aeng _2eng |
||
| 084 |
_aT3.2, N67 _qDSWL |
||
| 245 | 0 | _aReport on pilot project in functional litercy of forty six villages (Jan-1967 to September 1967) | |
| 260 |
_aHyderabad _bA.P. Andhra mahila Sabha University Road _c1968 |
||
| 300 | _axii,718p. | ||
| 365 |
_aINR _b20.75 |
||
| 925 | _g20.75 | ||
| 942 |
_cREP _hT3.2, N67 |
||
| 999 |
_c1447622 _d1447622 |
||